Statistics for Clubs playing in PL for most seasons without a top four finish

Click here to take the quiz!

General Stats

  • This quiz has been taken 31 times
  • The average score is 9 of 14

Answer Stats

SeasonsAnswer% Correct
18Southampton
89%
9Stoke
89%
21West Ham
89%
16Sunderland
82%
8Crystal Palace
79%
13Bolton
75%
15Middlesbrough
68%
8Charlton
57%
13Fulham
57%
8Wigan
54%
9Coventry
50%
8Sheffield Wednesday
50%
8Wimbledon
29%
11WBA
14%

Score Distribution

Percentile by Number Answered

Percent of People with Each Score

Your Score History

You have not taken this quiz